Meisterwerke Europäischer Malerei des XV.-XIX Jahrhunderts aus der Sammlung Oskar Reinhart (Record no. 9776)

MARC details
000 -CABECERA
campo de control de longitud fija 00718nam a2200217 a 4500
001 - NÚMERO DE CONTROL
campo de control BRL_964
005 - FECHA Y HORA DE LA ÚLTIMA TRANSACCIÓN
campo de control 20190320210955.0
008 - DATOS DE LONGITUD FIJA--INFORMACIÓN GENERAL
campo de control de longitud fija 291013s1940----sz-a######---#000-0#ger-#
041 ## - CÓDIGO DE LENGUA
Código de lengua del texto/banda sonora o título independiente ger
044 ## - CÓDIGO DEL PAÍS DE LA ENTIDAD EDITORA/PRODUCTORA
Código MARC del país sz
050 #4 - SIGNATURA TOPOGRÁFICA DE LA BIBLIOTECA DEL CONGRESO
Número de clasificación ND553
Número de documento/Ítem .Z35 1940
100 1# - ENTRADA PRINCIPAL--NOMBRE DE PERSONA
Nombre de persona Zbinden, Hans
9 (RLIN) 25460
245 10 - MENCIÓN DE TÍTULO
Título Meisterwerke Europäischer Malerei des XV.-XIX Jahrhunderts aus der Sammlung Oskar Reinhart
Mención de responsabilidad, etc. Herausgegeben von Hans Zbinden
260 ## - PUBLICACIÓN, DISTRIBUCIÓN, ETC.
Lugar de publicación, distribución, etc. Switzerland
Nombre del editor, distribuidor, etc. Iris Verlag
Fecha de publicación, distribución, etc. 1940
300 ## - DESCRIPCIÓN FÍSICA
Extensión v.
Otras características físicas il., láminas
Dimensiones 40 cm.
500 ## - NOTA GENERAL
Nota general v.1 Au2277
505 0# - NOTA DE CONTENIDO CON FORMATO
Nota de contenido con formato Contenido: Mappe 1. Cranach, Hals, Watteau, Corot, Renoir, Anker / Einführung von Georg Schmidt.
650 14 - PUNTO DE ACCESO ADICIONAL DE MATERIA--TÉRMINO DE MATERIA
Término de materia o nombre geográfico como elemento de entrada Pintores franceses
9 (RLIN) 7726
902 ## - CATALOGADOR
Iniciales GRL
942 ## - ELEMENTOS DE PUNTO DE ACCESO ADICIONAL (KOHA)
Fuente del sistema de clasificación o colocación Library of Congress Classification
Tipo de ítem Koha Libros
Holdings
Estado de retiro Estado de pérdida Estado dañado No para préstamo Localización permanente Ubicación/localización actual Fecha de adquisición Número de inventario Total de préstamos Signatura topográfica completa Código de barras Fecha visto por última vez Precio válido a partir de Tipo de ítem Koha
El ejemplar forma parte de la colección y puede ser consultado según las políticas vigentes.       Biblioteca Centro de Estudios Ruth D. Lechuga Biblioteca Centro de Estudios Ruth D. Lechuga 29/10/2013 v.1 Au2277   ND553 .Z35 1940 (v.1 Au2277) GRL01041 22/03/2019 22/03/2019 Libros